|
|
|
|
| LEADER |
00000nam0a2200000 4500 |
| 001 |
142284 |
| 005 |
20231031142709.0 |
| 035 |
|
|
|a (RuTPU)RU\TPU\book\154197
|
| 035 |
|
|
|a BOOK00031097
|
| 035 |
|
|
|a RU\TPU\book\31020
|
| 090 |
|
|
|a 142284
|
| 100 |
|
|
|a 20011209d1952 m y0rusy50 ca
|
| 101 |
1 |
|
|a rus
|c ita
|
| 102 |
|
|
|a RU
|
| 105 |
|
|
|a a j 000zy
|
| 200 |
1 |
|
|a Лекции по атомной физике
|e пер. с итал.
|f Э. Ферми
|
| 210 |
|
|
|a Москва
|c Изд-во иностранной литературы
|d 1952
|
| 215 |
|
|
|a 124 с.
|c ил.
|
| 610 |
1 |
|
|a атомная физика
|
| 610 |
1 |
|
|a элементарные частицы
|
| 610 |
1 |
|
|a элементы
|
| 610 |
1 |
|
|a происхождение
|
| 610 |
1 |
|
|a притяжения
|
| 610 |
1 |
|
|a ядерные орбиты
|
| 610 |
1 |
|
|a квантовая электродинамика
|
| 610 |
1 |
|
|a монополь Дирака
|
| 610 |
1 |
|
|a нейтроны
|
| 610 |
1 |
|
|a оптические аналогии
|
| 610 |
1 |
|
|a лекции
|
| 610 |
1 |
|
|a учебные пособия
|
| 675 |
|
|
|a 539.18(075.8)
|v 3
|
| 700 |
|
1 |
|a Ферми
|b Э.
|g Энрико
|
| 801 |
|
1 |
|a RU
|b 63413507
|c 20080903
|g PSBO
|
| 801 |
|
2 |
|a RU
|b 63413507
|c 20090514
|g PSBO
|
| 942 |
|
|
|c BK
|